000 00489nam a22001817a 4500
003 OSt
005 20160622152959.0
008 130625t xxu||||| |||| 00| 0 eng d
020 _a9781931680011
050 _aPR 1109
_b.Sw972 2008
082 _aIB 800
_bSw1 2008
100 _a Swann, Christopher C.
245 _aBritish literature :
_cChristopher C. Swann
_bteacher edition
260 _aUSA :
_bTeaching Point,
_cc2008
300 _a206 p. ;
_c29 cm.
562 _e1
942 _2lcc
_cBK
999 _c3101
_d3101